Rediscovering the glory of the Sabbath / (Record no. 25275)
[ view plain ]
| 000 -LEADER | |
|---|---|
| fixed length control field | 01330cam a2200313 i 4500 |
| 001 - CONTROL NUMBER | |
| control field | 21578754 |
| 003 - CONTROL NUMBER IDENTIFIER | |
| control field | AUA.1 |
| 005 - DATE AND TIME OF LATEST TRANSACTION | |
| control field | 20251121080728.0 |
| 008 - FIXED-LENGTH DATA ELEMENTS--GENERAL INFORMATION | |
| fixed length control field | 200623s2020 idu 000 0 eng |
| 010 ## - LIBRARY OF CONGRESS CONTROL NUMBER | |
| LC control number | 2020028652 |
| 020 ## - INTERNATIONAL STANDARD BOOK NUMBER | |
| International Standard Book Number | 9780816366651 |
| Qualifying information | (pbk.) |
| 020 ## - INTERNATIONAL STANDARD BOOK NUMBER | |
| Cancelled/invalid ISBN | 9780816366668 |
| Qualifying information | (kindle edition) |
| 035 ## - SYSTEM CONTROL NUMBER | |
| System control number | 21578754 |
| 040 ## - CATALOGING SOURCE | |
| Original cataloging agency | DLC |
| Language of cataloging | eng |
| Description conventions | rda |
| Transcribing agency | DLC |
| Modifying agency | DLC |
| 042 ## - AUTHENTICATION CODE | |
| Authentication code | pcc |
| 050 00 - LIBRARY OF CONGRESS CALL NUMBER | |
| Classification number | BV125 |
| Item number | .D286 2020 |
| 082 00 - DEWEY DECIMAL CLASSIFICATION NUMBER | |
| Classification number | 263/.2 |
| Edition number | 23 |
| 100 1# - MAIN ENTRY--PERSONAL NAME | |
| Personal name | Davidson, Jo Ann, |
| Relator term | author. |
| 245 10 - TITLE STATEMENT | |
| Title | Rediscovering the glory of the Sabbath / |
| Statement of responsibility, etc | Jo Ann Davidson. |
| 260 ## - PUBLICATION, DISTRIBUTION, ETC. (IMPRINT) | |
| Place of publication, distribution, etc | Nampa, ID : |
| Name of publisher, distributor, etc | Pacific Press Publishing Association; |
| Date of publication, distribution, etc | c2020. |
| 300 ## - PHYSICAL DESCRIPTION | |
| Extent | 224 pages ; |
| Dimensions | 23 cm |
| 520 ## - SUMMARY, ETC. | |
| Summary, etc | "An exploration of the history of the Sabbath revealing it as God's invitation to blessing and delight"-- |
| 610 20 - SUBJECT ADDED ENTRY--CORPORATE NAME | |
| Corporate name or jurisdiction name as entry element | General Conference of Seventh-Day Adventists |
| General subdivision | Doctrines. |
| 9 (RLIN) | 41805 |
| 650 #0 - SUBJECT ADDED ENTRY--TOPICAL TERM | |
| Topical term or geographic name as entry element | Sabbath. |
| 776 08 - ADDITIONAL PHYSICAL FORM ENTRY | |
| Display text | Online version: |
| Main entry heading | Davidson, Jo Ann, |
| Title | The Sabbath |
| Place, publisher, and date of publication | Nampa, Idaho : Pacific Press Publishing Association, 2020. |
| International Standard Book Number | 9780816366668 |
| Record control number | (DLC) 2020028653 |
| 906 ## - LOCAL DATA ELEMENT F, LDF (RLIN) | |
| a | 7 |
| b | cbc |
| c | orignew |
| d | 1 |
| e | ecip |
| f | 20 |
| g | y-gencatlg |
| 942 ## - ADDED ENTRY ELEMENTS (KOHA) | |
| Source of classification or shelving scheme | Library of Congress Classification |
| Koha item type | Books |
| Classification part | BV 125 |
| Item part | .D286 2020 |
| Withdrawn status | Lost status | Source of classification or shelving scheme | Damaged status | Not for loan | Collection code | Home library | Current library | Shelving location | Date acquired | Source of acquisition | Cost, normal purchase price | Serial Enumeration / chronology | Total Checkouts | Full call number | Barcode | Date last seen | Cost, replacement price | Price effective from | Koha item type |
|---|---|---|---|---|---|---|---|---|---|---|---|---|---|---|---|---|---|---|---|
| Library of Congress Classification | Books | Judith Thomas Library | Judith Thomas Library | General Stacks | 21/11/2025 | Bought by JTL | 23.00 | AUA28025 | BV 125 .D286 2020 | AUA28025 | 21/11/2025 | 23.00 | 21/11/2025 | Books |